00566nam a2200169Ia 4500008004100000020001800041082001800059100002300077245011500100260002500215300001500240650002300255650004500278650002600323700002300349700002400372220501s2021 xx 000 0 eng d a9789353502362 a658.403 AND-I aAnderson, David R. 0aIntroduction to management science : quantitative approaches to decision makingcDavid R. Anderson... [et al.] aDelhibCengagec2021 axxvii, 877 aManagement science aManagement science - Mathematical models aOperations Management aSweeney, Dennis J. aWilliams, Thomas A.